000 00625nam a22002417a 4500
003 UA-OsUOA
001 65293
007 ta
008 20091119b un ||||| |||| 00| 0 ukr d
100 _aБазалія О.
090 _a821.161.2
_bБ17
942 _cBK
040 _aUA-OsUOA
_bukr
_cUA-OsUOA
_dUA-OsUOA
245 _aПерли княжого намиста
300 _a81 с.
955 _a3
041 _aukr
080 _a821.161.2
020 _a966-7275-34-5
260 _aЛьвів
_bАтлас
_c2001
650 7 _a82 Література. Літературознавство
_2UDC
999 _c351415
_d351415